000 00555nam a2200133 4500
999 _c8329
_d8329
008 180120b xxu||||| |||| 00| 0 eng d
082 _aDPer 050 Dec 2015-Mar 2016 T48 v186-187
100 _925757
_aWorland, Justin.
245 _aEl Niño spells disaster:
_bthe climate phenomenon will bring heavy rain to California and extreme weather around the world/
_cJustin Worland.
260 _aNew York :
_bTime Inc.,
_c©Dec 2015-Mar 2016.
300 _av186 n27-28, page 32:
_billustration;
_c27 cm.
650 0 _925758
_aNatural disasters.
942 _2ddc
_cPER